Геодезические работы при изысканиях и строительстве гидротехнических сооружений: учебное пособие

ग्रंथसूची विवरण
मुख्य लेखक: Пандул И. С. Игорь Садукович
निगमित लेखक: Санкт-Петербургский государственный горный институт им. Г. В. Плеханова (технический университет) (СПбГГИ (ТУ))
भाषा:रूसी
प्रकाशित: СПб., [Б. и.], 1999
विषय:
स्वरूप: पुस्तक
KOHA link:https://koha.lib.tpu.ru/cgi-bin/koha/opac-detail.pl?biblionumber=24938

MARC

LEADER 00000nam0a2200000 4500
001 24938
005 20231030200520.0
035 |a (RuTPU)RU\TPU\book\25171 
035 |a BOOK00025244 
090 |a 24938 
100 |a 20011209d1999 m y0rusy50 ca 
101 0 |a rus 
102 |a RU 
105 |a y j 000zy 
200 1 |a Геодезические работы при изысканиях и строительстве гидротехнических сооружений  |e учебное пособие  |f И. С. Пандул  |g Санкт-Петербургский государственный горный институт им. Г. В. Плеханова (технический университет) (СПбГГИ (ТУ)) 
210 |a СПб.  |c [Б. и.]  |d 1999 
215 |a 150 с. 
610 1 |a геодезия 
610 1 |a гидротехнические сооружения 
610 1 |a строительство 
610 1 |a изыскания 
610 1 |a геодезические работы 
610 1 |a гидроузлы 
610 1 |a водохранилища 
610 1 |a мелиорация 
610 1 |a каналы 
610 1 |a учебные пособия 
675 |a 627.8.05(075.8)  |v 3 
700 1 |a Пандул  |b И. С.  |g Игорь Садукович 
712 0 2 |a Санкт-Петербургский государственный горный институт им. Г. В. Плеханова (технический университет) (СПбГГИ (ТУ))  |c (1991- )  |2 stltpush  |3 (RuTPU)RU\TPU\col\54 
801 0 |a RU  |b 63413507  |c 20011209  |g PSBO 
801 2 |a RU  |b 63413507  |c 20100827  |g PSBO 
942 |c BK